[Event "World op 42nd"]
[Site "Arlington"]
[Date "2014.07.06"]
[Round "8"]
[White "Shmeliov, Denis"]
[Black "Shulman, Yuri"]
[Result "1/2-1/2"]
[WhiteElo "2393"]
[BlackElo "2568"]
[PlyCount "110"]
[EventDate "2014.07.02"]
[EventType "swiss"]
[EventRounds "9"]
[EventCountry "USA"]
[SourceTitle "CBM 161 Extra"]
[Source "ChessBase"]
[SourceDate "2014.08.29"]
[SourceVersion "1"]
[SourceVersionDate "2014.08.29"]
[SourceQuality "1"]

1. d4 Nf6 2. c4 c5 3. d5 e5 4. Nc3 d6 5. e4 Nbd7 6. h3 Be7 7. Nf3 0-0 8. Bd3 Nh5 9. g3 a6 10. a4 Rb8 11. Qc2 Kh8 12. Be3 g6 13. a5 Ndf6 14. Ne2 b5 15. axb6 Qxb6 16. Ra2 Ng8 17. g4 Ng7 18. Ng3 Qd8 19. Bd2 Qe8 20. Bc3 Bd8 21. Kd1 h5 22. gxh5 Nf6 23. Qc1 Nfxh5 24. Nxh5 Nxh5 25. Qh6+ Kg8 26. Bd2 Bf6 27. Ng5 Bxg5 28. Qxg5 f6 29. Qg2 Kg7 30. Be2 Nf4 31. Qg3 f5 32. exf5 Bxf5 33. Bxf4 exf4 34. Qc3+ Qe5 35. Kd2 Rb6 36. Qxe5+ dxe5 37. Kc3 Rfb8 38. Bd1 Kf6 39. b3 e4 40. Ra5 Rc8 41. Bc2 g5 42. Re1 Rh8 43. Rxc5 Rxh3+ 44. Kd4 e3 45. Bxf5 exf2 46. Rf1 Kxf5 47. d6+ Kg4 48. Rd5 Rxd6 49. Rxd6 Kf3 50. Rxa6 g4 51. Ra2 g3 52. c5 Kg2 53. Raa1 Kf3 54. Ra2 Kg2 55. Raa1 Kf3 1/2-1/2

[Event "World op 42nd"]
[Site "Arlington"]
[Date "2014.07.04"]
[Round "5"]
[White "Priyadharshan, Kannappan"]
[Black "Shulman, Yuri"]
[Result "1/2-1/2"]
[WhiteElo "2433"]
[BlackElo "2568"]
[PlyCount "96"]
[EventDate "2014.07.02"]
[EventType "swiss"]
[EventRounds "9"]
[EventCountry "USA"]
[SourceTitle "CBM 161 Extra"]
[Source "ChessBase"]
[SourceDate "2014.08.29"]
[SourceVersion "1"]
[SourceVersionDate "2014.08.29"]
[SourceQuality "1"]

1. e4 e6 2. d4 d5 3. Nd2 a6 4. Ngf3 c5 5. c3 Nc6 6. Bd3 cxd4 7. cxd4 dxe4 8. Nxe4 Bb4+ 9. Nc3 Nf6 10. 0-0 0-0 11. Be3 Bd7 12. a3 Be7 13. Qe2 Qa5 14. Rfd1 Rfd8 15. Rac1 Rac8 16. Bb1 Be8 17. Ba2 Qh5 18. Bg5 Nd5 19. Bxe7 Ncxe7 20. Qe5 Qxe5 21. Nxe5 Nb6 22. g4 Na4 23. Nxa4 Bxa4 24. Rxc8 Rxc8 25. Rd3 Rd8 26. f4 Bb5 27. Rd2 Kf8 28. Kf2 f6 29. Nf3 Nd5 30. Bxd5 Rxd5 31. Rc2 Bc6 32. Ke3 Ke7 33. Ne1 h5 34. h3 hxg4 35. hxg4 g5 36. fxg5 Rxg5 37. Kf4 Rd5 38. Ke3 Rg5 39. Kf4 e5+ 40. dxe5 Rxe5 41. Ng2 Re4+ 42. Kg3 Kd6 43. Rf2 Ke7 44. Nf4 Re3+ 45. Kh4 Rf3 46. Rxf3 Bxf3 47. Kg3 Bc6 48. Nh5 Be4 1/2-1/2

[Event "World op 42nd"]
[Site "Arlington"]
[Date "2014.07.04"]
[Round "4"]
[White "Shulman, Yuri"]
[Black "Laznicka, Viktor"]
[Result "0-1"]
[WhiteElo "2568"]
[BlackElo "2679"]
[PlyCount "66"]
[EventDate "2014.07.02"]
[EventType "swiss"]
[EventRounds "9"]
[EventCountry "USA"]
[SourceTitle "CBM 161 Extra"]
[Source "ChessBase"]
[SourceDate "2014.08.29"]
[SourceVersion "1"]
[SourceVersionDate "2014.08.29"]
[SourceQuality "1"]

1. c4 f5 2. Nf3 Nf6 3. g3 g6 4. b3 Bg7 5. Bb2 d6 6. d4 0-0 7. Bg2 c6 8. 0-0 Na6 9. Nbd2 e5 10. dxe5 Nd7 11. Ba3 Nxe5 12. Nxe5 Bxe5 13. Qc2 Bxa1 14. Rxa1 Qe7 15. Rd1 Be6 16. Bb2 h6 17. Qc3 Kh7 18. b4 Rad8 19. Nf3 c5 20. a3 d5 21. cxd5 Bxd5 22. b5 Nc7 23. Qa5 Be4 24. Rc1 Ne6 25. Qxa7 Ra8 26. Qb6 Rfd8 27. Be5 Rd5 28. Bf4 g5 29. Be3 Rd6 30. Bxc5 Nxc5 31. Qxc5 Rd1+ 32. Bf1 Qxc5 33. Rxc5 Rxa3 0-1

[Event "Chicago op 23rd"]
[Site "Wheeling"]
[Date "2014.05.26"]
[Round "8"]
[White "Troff, Kayden W"]
[Black "Shulman, Yuri"]
[Result "1/2-1/2"]
[WhiteElo "2484"]
[BlackElo "2560"]
[PlyCount "48"]
[EventDate "2014.05.22"]
[EventType "swiss"]
[EventRounds "9"]
[EventCountry "USA"]
[SourceTitle "CBM 160 Extra"]
[Source "ChessBase"]
[SourceDate "2014.07.01"]
[SourceVersion "1"]
[SourceVersionDate "2014.07.01"]
[SourceQuality "1"]

1. d4 Nf6 2. c4 c5 3. d5 e5 4. Nc3 d6 5. e4 Be7 6. Bd3 Nbd7 7. Nf3 0-0 8. h3 Nh5 9. 0-0 Nf4 10. Re1 Nxd3 11. Qxd3 Nf6 12. Ne2 Ne8 13. g4 h5 14. Nh2 hxg4 15. hxg4 Nf6 16. f3 Nh7 17. Kg2 Bg5 18. Rh1 Bxc1 19. Raxc1 g6 20. Nf1 Bd7 21. Nfg3 Kg7 22. Rh2 Qf6 23. Rch1 Ng5 24. Ng1 Rh8 1/2-1/2

[Event "Chicago op 23rd"]
[Site "Wheeling"]
[Date "2014.05.23"]
[Round "2"]
[White "Homa, Seth"]
[Black "Shulman, Yuri"]
[Result "0-1"]
[WhiteElo "2331"]
[BlackElo "2560"]
[PlyCount "72"]
[EventDate "2014.05.22"]
[EventType "swiss"]
[EventRounds "9"]
[EventCountry "USA"]
[SourceTitle "CBM 160 Extra"]
[Source "ChessBase"]
[SourceDate "2014.07.01"]
[SourceVersion "1"]
[SourceVersionDate "2014.07.01"]
[SourceQuality "1"]

1. d4 Nf6 2. Nf3 g6 3. g3 Bg7 4. Bg2 c5 5. 0-0 cxd4 6. Nxd4 Nc6 7. Nc3 0-0 8. Nb3 d6 9. h3 a5 10. a4 Be6 11. e4 Bxb3 12. cxb3 Nd7 13. Re1 Nc5 14. Bf1 Rc8 15. Be3 Nb4 16. Rc1 e6 17. h4 b6 18. Bg5 Qd7 19. Nb5 Bxb2 20. Rb1 Be5 21. f4 Bg7 22. Nxd6 Rc6 23. e5 h6 24. Bb5 hxg5 25. hxg5 Rxd6 26. exd6 Qb7 27. Bc4 Nc6 28. Qf3 Rd8 29. f5 gxf5 30. g6 Nd4 31. Qxb7 Nxb7 32. gxf7+ Kxf7 33. Rf1 Nxd6 34. Bd3 Be5 35. Kf2 Rg8 36. Rg1 Nxb3 0-1

[Event "Chicago op 23rd"]
[Site "Wheeling"]
[Date "2014.05.22"]
[Round "1"]
[White "Shulman, Yuri"]
[Black "Danelia, Mariam"]
[Result "1-0"]
[WhiteElo "2560"]
[BlackElo "2237"]
[PlyCount "69"]
[EventDate "2014.05.22"]
[EventType "swiss"]
[EventRounds "9"]
[EventCountry "USA"]
[SourceTitle "CBM 160 Extra"]
[Source "ChessBase"]
[SourceDate "2014.07.01"]
[SourceVersion "1"]
[SourceVersionDate "2014.07.01"]
[SourceQuality "1"]

1. d4 Nf6 2. c4 g6 3. Nc3 d5 4. cxd5 Nxd5 5. e4 Nxc3 6. bxc3 Bg7 7. Nf3 c5 8. Be3 0-0 9. Be2 cxd4 10. cxd4 Qa5+ 11. Nd2 Rd8 12. 0-0 Nc6 13. Nb3 Qa4 14. Rc1 Na5 15. Qd3 Nxb3 16. axb3 Qb4 17. d5 b6 18. Rc7 Bd7 19. f4 Qd6 20. Rfc1 e6 21. Bf3 exd5 22. Qxd5 Bf8 23. e5 Qxd5 24. Bxd5 Rac8 25. Bxf7+ Kxf7 26. Rxd7+ Rxd7 27. Rxc8 Rd3 28. Kf2 Be7 29. Rc7 Ke6 30. g4 Bh4+ 31. Kf3 Rd7 32. f5+ gxf5 33. gxf5+ Ke7 34. Rxd7+ Kxd7 35. Ke4 1-0

[Event "Dearborn Fall op 3rd"]
[Site "Dearborn"]
[Date "2013.10.27"]
[Round "8"]
[White "Kovalyov, Anton"]
[Black "Shulman, Yuri"]
[Result "1-0"]
[WhiteElo "2612"]
[BlackElo "2549"]
[PlyCount "139"]
[EventDate "2013.10.23"]
[EventType "swiss"]
[EventRounds "9"]
[EventCountry "USA"]
[SourceTitle "EXT 2015"]
[Source "ChessBase"]
[SourceDate "2014.11.20"]
[SourceVersion "1"]
[SourceVersionDate "2014.11.20"]
[SourceQuality "1"]

1. c4 Nf6 2. Nf3 e6 3. g3 d5 4. Bg2 dxc4 5. Qa4+ Nbd7 6. Qxc4 a6 7. Qc2 c5 8. a4 b6 9. 0-0 Bb7 10. d3 Be7 11. e4 0-0 12. Rd1 Rc8 13. Na3 c4 14. Nxc4 b5 15. axb5 axb5 16. Qb3 bxc4 17. Qxb7 Nc5 18. Qb5 Nxd3 19. Ne1 Rc5 20. Qa6 Qc8 21. Qxc8 Rfxc8 22. Be3 Rb5 23. Nxd3 cxd3 24. Bd4 Rd8 25. Ra4 h5 26. Bc3 Ng4 27. h3 Ne5 28. Bf1 h4 29. f4 Nc6 30. Rxd3 Rxd3 31. Bxd3 Rb8 32. Rc4 Nb4 33. Be2 hxg3 34. Kg2 f5 35. Kxg3 fxe4 36. Bg4 Kf7 37. Rxe4 Rb6 38. Bd4 Rd6 39. Be2 Nd5 40. Be5 Rb6 41. Bc4 g6 42. b3 Bc5 43. Kf3 Rb7 44. Re1 Nb6 45. Ba6 Ra7 46. Ra1 Nd7 47. Bc3 Rc7 48. Bc4 Nb6 49. Be5 Rb7 50. Ba6 Rd7 51. Bb5 Rd2 52. Ra7+ Be7 53. Rb7 Nd5 54. Rb8 Nf6 55. Bc6 Rh2 56. b4 Rxh3+ 57. Ke2 Rb3 58. b5 Bc5 59. Rb7+ Be7 60. Bd6 Ng8 61. Be5 Nh6 62. Kd2 Nf5 63. Kc2 Rb4 64. Kc3 Rb1 65. Be4 Rc1+ 66. Kd2 Rc5 67. b6 g5 68. Rc7 gxf4 69. b7 Rxe5 70. Bd3 1-0

[Event "Dearborn Fall op 3rd"]
[Site "Dearborn"]
[Date "2013.10.25"]
[Round "5"]
[White "Matamoros Franco, Carlos S"]
[Black "Shulman, Yuri"]
[Result "1/2-1/2"]
[WhiteElo "2581"]
[BlackElo "2549"]
[PlyCount "30"]
[EventDate "2013.10.23"]
[EventType "swiss"]
[EventRounds "9"]
[EventCountry "USA"]
[SourceTitle "EXT 2015"]
[Source "ChessBase"]
[SourceDate "2014.11.20"]
[SourceVersion "1"]
[SourceVersionDate "2014.11.20"]
[SourceQuality "1"]

1. c4 Nf6 2. g3 c6 3. Nf3 d5 4. Bg2 dxc4 5. 0-0 g6 6. Na3 b5 7. d3 cxd3 8. Ne5 a6 9. Nxc6 Nxc6 10. Bxc6+ Bd7 11. Bxa8 Qxa8 12. f3 dxe2 13. Qxe2 Bg7 14. b3 Bh3 15. Re1 0-0 1/2-1/2

[Event "Dearborn Fall op 3rd"]
[Site "Dearborn"]
[Date "2013.10.24"]
[Round "2"]
[White "Shulman, Yuri"]
[Black "Shetty, Atulya"]
[Result "1-0"]
[WhiteElo "2549"]
[BlackElo "2359"]
[PlyCount "75"]
[EventDate "2013.10.23"]
[EventType "swiss"]
[EventRounds "9"]
[EventCountry "USA"]
[SourceTitle "EXT 2015"]
[Source "ChessBase"]
[SourceDate "2014.11.20"]
[SourceVersion "1"]
[SourceVersionDate "2014.11.20"]
[SourceQuality "1"]

1. d4 d5 2. c4 c6 3. Nf3 Nf6 4. Nc3 a6 5. e3 e6 6. b3 Bb4 7. Bd2 Nbd7 8. Bd3 0-0 9. 0-0 Bd6 10. Qc2 e5 11. cxd5 cxd5 12. e4 exd4 13. Nxd5 Nxd5 14. exd5 Nf6 15. h3 Bd7 16. Rad1 Re8 17. Nxd4 Rc8 18. Qb1 h6 19. a4 Rc5 20. Nf3 Qb8 21. Be3 Rxd5 22. Bd4 Be6 23. Bc4 Rf5 24. Bxe6 fxe6 25. Rfe1 Rf4 26. Qg6 Rxf3 27. gxf3 e5 28. Be3 Bf8 29. Bxh6 Qc8 30. Bg5 Qxh3 31. Bxf6 Re6 32. Qg4 Qxg4+ 33. fxg4 gxf6 34. Rd7 Rb6 35. g5 fxg5 36. Rxe5 Rxb3 37. Rxg5+ Kh8 38. Rh7+ 1-0

[Event "CHN-USA Summit Rapid"]
[Site "Ningbo"]
[Date "2013.07.27"]
[Round "10.5"]
[White "Shulman, Yuri"]
[Black "Wang, Yue"]
[Result "0-1"]
[WhiteElo "2542"]
[BlackElo "2705"]
[PlyCount "89"]
[EventDate "2013.07.25"]
[EventType "schev (rapid)"]
[EventRounds "10"]
[EventCountry "CHN"]
[SourceTitle "CBM 155 Extra"]
[Source "ChessBase"]
[SourceDate "2013.08.26"]
[SourceVersion "1"]
[SourceVersionDate "2013.08.26"]
[SourceQuality "1"]
[WhiteTeam "United States"]
[BlackTeam "China"]
[WhiteTeamCountry "USA"]
[BlackTeamCountry "CHN"]

1. d4 Nf6 2. c4 g6 3. Nc3 d5 4. cxd5 Nxd5 5. e4 Nxc3 6. bxc3 Bg7 7. Nf3 c5 8. Be3 Bg4 9. Bb5+ Nc6 10. 0-0 0-0 11. Bxc6 bxc6 12. Rc1 Qa5 13. Qe2 Rfd8 14. Rfd1 Qa4 15. Rd2 e5 16. Bg5 Rd7 17. dxe5 Rxd2 18. Qxd2 Qxe4 19. Re1 Qd5 20. Qxd5 cxd5 21. Be7 Rc8 22. h3 Bxf3 23. gxf3 d4 24. c4 Bf8 25. Bxf8 Kxf8 26. Rb1 d3 27. Kf1 Rd8 28. Ke1 Rd4 29. Kd2 Rxc4 30. Kxd3 Ra4 31. Rb2 Ke7 32. Rc2 Ra5 33. Rc4 Ke6 34. Ke4 Rxa2 35. Rxc5 Ra4+ 36. Ke3 g5 37. Rc7 h5 38. Ke2 Ra2+ 39. Kf1 a5 40. Ra7 a4 41. Kg2 a3 42. f4 gxf4 43. Kf3 Kxe5 44. Ra5+ Kd4 45. Rxh5 0-1

[Event "CHN-USA Summit Rapid"]
[Site "Ningbo"]
[Date "2013.07.26"]
[Round "7.5"]
[White "Shulman, Yuri"]
[Black "Lu, Shanglei"]
[Result "0-1"]
[WhiteElo "2542"]
[BlackElo "2536"]
[PlyCount "108"]
[EventDate "2013.07.25"]
[EventType "schev (rapid)"]
[EventRounds "10"]
[EventCountry "CHN"]
[SourceTitle "CBM 155 Extra"]
[Source "ChessBase"]
[SourceDate "2013.08.26"]
[SourceVersion "1"]
[SourceVersionDate "2013.08.26"]
[SourceQuality "1"]
[WhiteTeam "United States"]
[BlackTeam "China"]
[WhiteTeamCountry "USA"]
[BlackTeamCountry "CHN"]

1. d4 d5 2. c4 c6 3. Nf3 Nf6 4. Nc3 e6 5. Bg5 dxc4 6. e4 b5 7. e5 h6 8. Bh4 g5 9. Nxg5 hxg5 10. Bxg5 Be7 11. exf6 Bxf6 12. Bxf6 Qxf6 13. a4 Rh4 14. g4 Na6 15. Bg2 Bb7 16. axb5 Nb4 17. 0-0 0-0-0 18. Rxa7 Rxd4 19. Qf3 Qxf3 20. Bxf3 Rhxg4+ 21. Bxg4 Rxg4+ 22. Kh1 cxb5+ 23. f3 Rg5 24. Ne4 Rd5 25. Rg1 Nc6 26. Raa1 Nd4 27. Rg8+ Kc7 28. Rg7 Rf5 29. Ra7 Rxf3 30. Kg1 Rf4 31. Ng3 Kb6 32. Ra1 Nf3+ 33. Kf2 Nxh2+ 34. Ke2 Bd5 35. Rh7 Nf3 36. Ke3 Rg4 37. Ne2 Ne5 38. Rh8 Re4+ 39. Kd2 Nf3+ 40. Kd1 c3 41. Rb8+ Kc7 42. Rxb5 c2+ 43. Kxc2 Rxe2+ 44. Kd3 Rh2 45. b4 Ne5+ 46. Ke3 Rh3+ 47. Kf4 f6 48. Rf1 Rb3 49. Rc1+ Kd7 50. Rf1 Bc4 51. Rd1+ Nd3+ 52. Rxd3+ Rxd3 53. Rb7+ Kc6 54. Rf7 e5+ 0-1

[Event "CHN-USA Summit Rapid"]
[Site "Ningbo"]
[Date "2013.07.26"]
[Round "8.5"]
[White "Xiu, Deshun"]
[Black "Shulman, Yuri"]
[Result "1-0"]
[WhiteElo "2556"]
[BlackElo "2542"]
[PlyCount "85"]
[EventDate "2013.07.25"]
[EventType "schev (rapid)"]
[EventRounds "10"]
[EventCountry "CHN"]
[SourceTitle "CBM 155 Extra"]
[Source "ChessBase"]
[SourceDate "2013.08.26"]
[SourceVersion "1"]
[SourceVersionDate "2013.08.26"]
[SourceQuality "1"]
[WhiteTeam "China"]
[BlackTeam "United States"]
[WhiteTeamCountry "CHN"]
[BlackTeamCountry "USA"]

1. Nf3 Nf6 2. c4 b6 3. g3 Bb7 4. Bg2 g6 5. 0-0 Bg7 6. d4 0-0 7. Re1 d6 8. Qc2 c5 9. d5 b5 10. e4 bxc4 11. Nbd2 Ba6 12. Nxc4 Bxc4 13. Qxc4 Nbd7 14. Bd2 Rb8 15. Bc3 Nb6 16. Qa6 Qc8 17. Qxa7 Rb7 18. Qa6 Qa8 19. Qd3 Ra7 20. e5 Nfxd5 21. exd6 exd6 22. Bxg7 Kxg7 23. Ng5 Qd8 24. h4 Nf6 25. a3 d5 26. Rac1 Qd6 27. h5 Nxh5 28. Ne4 Qd8 29. Nxc5 Nf6 30. Qd4 Re7 31. a4 Rxe1+ 32. Rxe1 Nc4 33. Re6 Re8 34. Nb7 fxe6 35. Nxd8 Rxd8 36. b3 Nd6 37. a5 Rc8 38. a6 Rc1+ 39. Bf1 Nb5 40. Qb2 Rd1 41. Qe2 Nc3 42. Qxd1 Nxd1 43. a7 1-0

[Event "World op 41st"]
[Site "Arlington"]
[Date "2013.07.01"]
[Round "1"]
[White "Shulman, Yuri"]
[Black "Ulrich, Thomas M"]
[Result "1/2-1/2"]
[WhiteElo "2542"]
[BlackElo "1739"]
[PlyCount "131"]
[EventDate "2013.07.01"]
[EventType "swiss"]
[EventRounds "9"]
[EventCountry "USA"]
[SourceTitle "CBM 155 Extra"]
[Source "ChessBase"]
[SourceDate "2013.08.26"]
[SourceVersion "1"]
[SourceVersionDate "2013.08.26"]
[SourceQuality "1"]

1. g3 c5 2. Bg2 Nc6 3. c4 g6 4. Nf3 Bg7 5. 0-0 e6 6. Nc3 Nge7 7. d3 0-0 8. Bg5 b6 9. Qc1 Bb7 10. Rd1 d5 11. cxd5 exd5 12. e4 Qd7 13. Bh6 Rfd8 14. Qf4 Qd6 15. Qh4 Bxh6 16. Qxh6 Qf6 17. exd5 Nb4 18. Ng5 Qg7 19. Qxg7+ Kxg7 20. d6 Nec6 21. Nb5 Rab8 22. Ne4 Nc2 23. Rab1 N2d4 24. Nxd4 Nxd4 25. Re1 Rd7 26. Rbc1 a5 27. f4 Nb5 28. Bh3 f5 29. a4 Nd4 30. Nd2 Rxd6 31. Bg2 Bxg2 32. Kxg2 Nc6 33. Nc4 Rxd3 34. Re6 Nd4 35. Re7+ Kg8 36. Rce1 Nf3 37. R1e6 Rbd8 38. Rxb6 Nd2 39. Ne5 Rb3 40. Rxb3 Nxb3 41. Nd7 h6 42. Kh3 Nc1 43. Nf6+ Kf8 44. Rd7 Rc8 45. Nh7+ Kg8 46. Nf6+ Kf8 47. Rd1 Nb3 48. Nd7+ Ke7 49. Ne5 g5 50. Rd7+ Ke6 51. Kg2 gxf4 52. gxf4 Nd4 53. Rb7 Kd5 54. Kf2 Ke4 55. Ng6 Rc6 56. Ne5 Re6 57. h3 Kxf4 58. Nd3+ Kg5 59. Rg7+ Kf6 60. Rh7 Re2+ 61. Kf1 c4 62. Rxh6+ Kg5 63. Rg6+ Kh4 64. Rd6 cxd3 65. Rxd4+ Re4 66. Rxd3 1/2-1/2

[Event "USA-ch"]
[Site "Saint Louis"]
[Date "2013.05.12"]
[Round "9"]
[White "Shulman, Yuri"]
[Black "Sammour Hasbun, Jorge E"]
[Result "1-0"]
[WhiteElo "2570"]
[BlackElo "2463"]
[PlyCount "123"]
[EventDate "2013.05.03"]
[EventType "swiss"]
[EventRounds "9"]
[EventCountry "USA"]
[SourceTitle "CBM 154 Extra"]
[Source "ChessBase"]
[SourceDate "2013.06.25"]
[SourceVersion "2"]
[SourceVersionDate "2013.06.25"]
[SourceQuality "1"]

1. d4 d5 2. c4 c6 3. Nf3 Nf6 4. e3 a6 5. Nc3 b5 6. b3 Bg4 7. Be2 Nbd7 8. h3 Bh5 9. g4 Bg6 10. Ne5 bxc4 11. bxc4 e6 12. Nxg6 hxg6 13. Bd2 dxc4 14. Bxc4 Bb4 15. Rc1 c5 16. dxc5 Nxc5 17. Qe2 Rc8 18. Bxa6 Nxa6 19. Qxa6 0-0 20. Ke2 Ra8 21. Qc4 Qa5 22. a3 Bxa3 23. Ne4 Qa6 24. Nxf6+ gxf6 25. Qxa6 Rxa6 26. Ra1 Rfa8 27. Rhb1 Be7 28. Rxa6 Rxa6 29. Rb7 Kf8 30. h4 Ra4 31. f4 e5 32. h5 gxh5 33. gxh5 Bd6 34. Rb6 Ke7 35. h6 exf4 36. exf4 Ra8 37. f5 Ra1 38. Rb7+ Ke8 39. Kd3 Be5 40. Bb4 Rh1 41. Bd2 Rh2 42. Ra7 Rxd2+ 43. Kxd2 Bf4+ 44. Kd3 Bxh6 45. Ke4 Bd2 46. Rc7 Be1 47. Rc4 Bg3 48. Kf3 Bd6 49. Kg4 Bf8 50. Rc8+ Ke7 51. Kh5 Bg7 52. Rg8 Bf8 53. Rh8 Bg7 54. Rh7 Kf8 55. Kg4 Kg8 56. Rh1 Bf8 57. Ra1 Bd6 58. Ra8+ Kg7 59. Kf3 Bb4 60. Ke4 Bd2 61. Kd5 Bc1 62. Kd6 1-0

[Event "USA-ch"]
[Site "Saint Louis"]
[Date "2013.05.11"]
[Round "8"]
[White "Arnold, Marc Tyler"]
[Black "Shulman, Yuri"]
[Result "1/2-1/2"]
[WhiteElo "2538"]
[BlackElo "2570"]
[PlyCount "60"]
[EventDate "2013.05.03"]
[EventType "swiss"]
[EventRounds "9"]
[EventCountry "USA"]
[SourceTitle "CBM 154 Extra"]
[Source "ChessBase"]
[SourceDate "2013.06.25"]
[SourceVersion "2"]
[SourceVersionDate "2013.06.25"]
[SourceQuality "1"]

1. e4 e6 2. d4 d5 3. Nc3 Bb4 4. exd5 exd5 5. Bd3 c6 6. h3 Nf6 7. Qf3 Qe7+ 8. Nge2 Ne4 9. Bxe4 dxe4 10. Qg3 0-0 11. Bg5 f6 12. Bf4 Bf5 13. a3 Bxc3+ 14. Nxc3 Re8 15. 0-0-0 Nd7 16. Rhe1 Qf7 17. Rd2 Bg6 18. Rde2 f5 19. f3 exf3 20. Qxf3 Bh5 21. Rxe8+ Rxe8 22. Rxe8+ Qxe8 23. Qf2 Nf6 24. Be5 Ne4 25. Qxf5 Nxc3 26. bxc3 Bg6 27. Qf3 Qf8 28. Qxf8+ Kxf8 29. Kd2 h5 30. h4 Be4 1/2-1/2

[Event "ISL-chT 1213"]
[Site "Reykjavik"]
[Date "2013.03.02"]
[Round "7.2"]
[White "Shulman, Yuri"]
[Black "Kuzubov, Yuriy"]
[Result "1/2-1/2"]
[WhiteElo "2570"]
[BlackElo "2615"]
[PlyCount "65"]
[EventDate "2012.10.05"]
[EventType "team-tourn"]
[EventRounds "7"]
[EventCountry "ISL"]
[SourceTitle "EXT 2014"]
[Source "ChessBase"]
[SourceDate "2013.11.20"]
[SourceVersion "1"]
[SourceVersionDate "2013.11.20"]
[SourceQuality "1"]
[WhiteTeam "Hellir"]
[BlackTeam "Taflfelag Bolungarvikur"]
[WhiteTeamCountry "ISL"]
[BlackTeamCountry "ISL"]

1. d4 d6 2. e4 g6 3. c4 Bg7 4. Nc3 c5 5. d5 a6 6. Bd3 b5 7. cxb5 Nf6 8. Nge2 Nbd7 9. bxa6 0-0 10. 0-0 Bxa6 11. Bxa6 Rxa6 12. Qc2 Qa8 13. Rd1 Rb8 14. Rb1 Ne8 15. Bg5 Kf8 16. Qd2 Rb4 17. Bh6 Qa7 18. h3 Nef6 19. Ng3 Bxh6 20. Qxh6+ Kg8 21. Qg5 Qb8 22. b3 Rab6 23. Rbc1 c4 24. Nf5 Qf8 25. bxc4 Rxc4 26. Nd4 Rxc3 27. Rxc3 Nxe4 28. Qc1 Nxc3 29. Qxc3 Nf6 30. Nc6 Qe8 31. Qe3 Nxd5 32. Nxe7+ Qxe7 33. Rxd5 1/2-1/2

[Event "ISL-chT 1213"]
[Site "Reykjavik"]
[Date "2013.03.01"]
[Round "5.2"]
[White "Shulman, Yuri"]
[Black "Andersen, Mads"]
[Result "1-0"]
[WhiteElo "2570"]
[BlackElo "2461"]
[PlyCount "63"]
[EventDate "2012.10.05"]
[EventType "team-tourn"]
[EventRounds "7"]
[EventCountry "ISL"]
[SourceTitle "EXT 2014"]
[Source "ChessBase"]
[SourceDate "2013.11.20"]
[SourceVersion "1"]
[SourceVersionDate "2013.11.20"]
[SourceQuality "1"]
[WhiteTeam "Hellir"]
[BlackTeam "Akureyri"]
[WhiteTeamCountry "ISL"]
[BlackTeamCountry "ISL"]

1. d4 d5 2. c4 c6 3. Nf3 Nf6 4. Nc3 e6 5. Bg5 h6 6. Bxf6 Qxf6 7. e3 g6 8. Be2 Bg7 9. e4 dxe4 10. Nxe4 Qe7 11. c5 0-0 12. Ne5 Rd8 13. Nd6 Nd7 14. f4 Nxe5 15. fxe5 f6 16. Qc2 fxe5 17. Qxg6 Qf6 18. Qxf6 Bxf6 19. 0-0 Bg7 20. Bc4 Kh7 21. dxe5 Bxe5 22. Rf7+ Kg8 23. Raf1 Bd4+ 24. Kh1 Bxc5 25. Nxc8 Rdxc8 26. Bxe6 Re8 27. Rf8+ Kg7 28. R1f7+ Kg6 29. Rf6+ Kg5 30. h4+ Kxh4 31. Rf4+ Kg5 32. R8f5+ 1-0

[Event "Reykjavik op"]
[Site "Reykjavik"]
[Date "2013.02.24"]
[Round "7"]
[White "Cheparinov, Ivan"]
[Black "Shulman, Yuri"]
[Result "1-0"]
[WhiteElo "2709"]
[BlackElo "2563"]
[PlyCount "95"]
[EventDate "2013.02.19"]
[EventType "swiss"]
[EventRounds "10"]
[EventCountry "ISL"]
[SourceTitle "CBM 153 Extra"]
[Source "ChessBase"]
[SourceDate "2013.04.22"]
[SourceVersion "1"]
[SourceVersionDate "2013.04.22"]
[SourceQuality "1"]

1. d4 Nf6 2. c4 c5 3. d5 e5 4. Nc3 d6 5. e4 Nbd7 6. Bd3 Be7 7. h3 Nf8 8. Nf3 Ng6 9. g3 a6 10. Qc2 Rb8 11. h4 h5 12. Ng5 Ng4 13. f3 Nh6 14. Bd2 Bd7 15. Rb1 b5 16. cxb5 axb5 17. b4 c4 18. Be2 0-0 19. Qc1 f5 20. Ne6 Bxe6 21. dxe6 f4 22. Nd5 Kh7 23. gxf4 Bxh4+ 24. Kd1 exf4 25. Bc3 Re8 26. Kc2 Rxe6 27. Qd2 Rb7 28. Rbg1 Rf7 29. Bd4 Bg3 30. Rxh5 Ne5 31. Kb1 Qe8 32. Rgh1 Kg8 33. Qc3 Rb7 34. Bf1 Kh8 35. Rg5 Qd8 36. Rhh5 Be1 37. Qxe1 Nxf3 38. Nxf4 Re5 39. Qd1 Nxd4 40. Qxd4 Qxg5 41. Rxg5 Rxg5 42. Bh3 Rf7 43. Qxd6 Rf6 44. Qd2 Rg1+ 45. Kb2 Rg3 46. Qh2 Rf3 47. Bf5 Kg8 48. Nd5 1-0

[Event "Reykjavik op"]
[Site "Reykjavik"]
[Date "2013.02.23"]
[Round "6"]
[White "Shulman, Yuri"]
[Black "Ding, Liren"]
[Result "1/2-1/2"]
[WhiteElo "2563"]
[BlackElo "2709"]
[PlyCount "73"]
[EventDate "2013.02.19"]
[EventType "swiss"]
[EventRounds "10"]
[EventCountry "ISL"]
[SourceTitle "CBM 153 Extra"]
[Source "ChessBase"]
[SourceDate "2013.04.22"]
[SourceVersion "1"]
[SourceVersionDate "2013.04.22"]
[SourceQuality "1"]

1. d4 Nf6 2. c4 g6 3. Nc3 Bg7 4. e4 d6 5. Nf3 0-0 6. Be2 e5 7. Be3 Qe8 8. dxe5 Ng4 9. Bg5 Nxe5 10. 0-0 Nxf3+ 11. Bxf3 Bxc3 12. bxc3 Qe5 13. Qd2 Nd7 14. Bf4 Qe7 15. Rfe1 Ne5 16. Be2 Re8 17. Bg3 b6 18. f4 Nd7 19. e5 Bb7 20. Bg4 Nc5 21. f5 Ne4 22. Rxe4 Bxe4 23. f6 Qf8 24. exd6 cxd6 25. Bxd6 Rad8 26. Rd1 h5 27. Bxf8 Rxd2 28. Rxd2 hxg4 29. Be7 Rc8 30. Rd4 Bf5 31. c5 bxc5 32. Rd8+ Rxd8 33. Bxd8 Kf8 34. Be7+ Ke8 35. Bxc5 a6 36. Kf2 Be6 37. a3 1/2-1/2

[Event "Reykjavik op"]
[Site "Reykjavik"]
[Date "2013.02.20"]
[Round "3"]
[White "Shulman, Yuri"]
[Black "Bekker Jensen, Simon"]
[Result "1-0"]
[WhiteElo "2563"]
[BlackElo "2405"]
[PlyCount "65"]
[EventDate "2013.02.19"]
[EventType "swiss"]
[EventRounds "10"]
[EventCountry "ISL"]
[SourceTitle "CBM 153 Extra"]
[Source "ChessBase"]
[SourceDate "2013.04.22"]
[SourceVersion "1"]
[SourceVersionDate "2013.04.22"]
[SourceQuality "1"]

1. d4 Nf6 2. c4 g6 3. Nc3 Bg7 4. e4 d6 5. Nf3 0-0 6. Be2 Na6 7. 0-0 e5 8. Be3 Ng4 9. Bg5 Qe8 10. Re1 exd4 11. Nd5 c6 12. Ne7+ Kh8 13. Nxc8 Rxc8 14. Nxd4 Nf6 15. Bf3 Qe5 16. Bh4 Nh5 17. Nf5 gxf5 18. exf5 Qf4 19. g3 Qxf5 20. Bxh5 Rfe8 21. Be7 Ra8 22. g4 Qf4 23. Qxd6 Qxc4 24. b3 Qd5 25. Qxd5 cxd5 26. Rad1 Kg8 27. Rxd5 Bf6 28. Rd7 Nb8 29. Rxb7 Nc6 30. Bb4 Ne5 31. Kg2 Ng6 32. Bxg6 hxg6 33. Rxa7 1-0